• 首页
  • 本馆介绍
  • 公告通知
  • 最新文献
  • 馆藏检索
  • 电子资源
  • 读者导购
  • 参考咨询
  • 我的图书馆
  • 登录
  • 详细信息显示
  • 放入我的书架
  • 预约/预借图书
  • 作者相关作品
  • 分类相关作品
  • 丛书相关作品
  • 出版社相关作品

书目信息

  • 表格格式
  • 工作单格式
  • 卡片格式
题名:
项目管理实操
    
 
作者: 仝进军 , 张江涛 , 柏卫国 著
分册:  
出版信息: 北京   光明日报出版社  2020.3
页数: 10,605页
开本: 26cm
丛书名:
单 册:
中图分类: TU712.1
科图分类:
主题词: 建筑工程--工程项目管理--研究
电子资源:
ISBN: 978-7-5194-5666-5
000 01004nam0 2200289 45
001 012001000171
005 20140910161606.0
010    @a978-7-5194-5666-5@dCNY148.00
100    @a20201214d2020 em y0chiy50 ea
101 0  @achi
102    @aCN@b110000
105    @aa z 000yy
106    @ar
200 1  @a项目管理实操@Axiang mu guan li shi cao@b专著@f仝进军,张江涛,柏卫国著
210    @a北京@c光明日报出版社@d2020.3
215    @a10,605页@c图@d26cm
300    @a并列题名:Project management
312    @a封面英文题名: Project management
330    @a本书分为五部分,主要内容包括:项目部的组建和整体运营思路、施工准备阶段项目管理、施工阶段项目管理、交竣工阶段项目管理、保修阶段项目管理。
510 1  @aProject management@zeng
606 0  @a建筑工程@x工程项目管理@x研究
690    @aTU712.1@v5
701  0 @a仝进军@Atong jin jun@4著
701  0 @a张江涛@Azhang jiang tao@4著
701  0 @a柏卫国@Abo wei guo@4著
801  0 @aCN@bBJSDL@c20211011
905    @b1330655-8@dTU712.1@e1828@f4
    
    项目管理实操/仝进军,张江涛,柏卫国著.-北京:光明日报出版社,2020.3
    10,605页:图;26cm
    并列题名:Project management
    
    ISBN 978-7-5194-5666-5:CNY148.00
    本书分为五部分,主要内容包括:项目部的组建和整体运营思路、施工准备阶段项目管理、施工阶段项目管理、交竣工阶段项目管理、保修阶段项目管理。
●
相关链接 在E读中查询图书 在五车中查询图书 在当当中查询图书 在豆瓣中查询图书


正题名:项目管理实操     索取号:TU712.1/1828         预约/预借

序号 登录号 条形码 馆藏地/架位号 状态 备注
1 1330655   213306554   第二样本阅览室/ [索取号:TU712.1/1828] 在馆    
2 1330656   213306563   第三借阅区/ [索取号:TU712.1/1828] 在馆    
3 1330657   213306572   第三借阅区/ [索取号:TU712.1/1828] 在馆    
4 1330658   213306581   第三借阅区/ [索取号:TU712.1/1828] 在馆    
唐山师范学院图书馆 欢迎您!
大连网信软件有限公司© 版权所有